00393nam a2200157Ia 4500008004100000020001500041082000800056100001800064245005600082250000600138260002800144300001000172500002400182650001200206700001700218230524s9999 xx 000 0 und d a9788189751 bPAN aSujata Pandey 0a"Multimedia ( Systems, Technology & Communication" a2 aNew DelhibKatsonc2012 a323p; aQuantity Number: 1 aComp-Sc aManoj Pandey